[Event "CFriend CP.2005.P.00024"]
[Site "Chessfriend.com"]
[Date "2005.10.01"]
[Round "?"]
[White "O'Brien, Andrew"]
[Black "Gomez Galan Arense, Joaquin"]
[Result "0-1"]
[WhiteElo "1716"]
[BlackElo "2012"]
[PlyCount "56"]
[EventDate "2005.10.01"]
[EventType "tourn (corr)"]
[EventRounds "1"]
[SourceTitle "Corr 2008"]
[Source "ChessBase"]
[SourceDate "2008.06.24"]
[SourceVersion "1"]
[SourceVersionDate "2008.06.24"]
[SourceQuality "1"]

1. e4 c5 2. Nf3 Nc6 3. d4 cxd4 4. Nxd4 Nf6 5. Nc3 d6 6. Bb5 Bd7 7. 0-0 e6 8. Be3 Be7 9. f4 0-0 10. Qf3 Nxd4 11. Bxd4 Bxb5 12. Nxb5 d5 13. exd5 Qxd5 14. Qxd5 Nxd5 15. Nxa7 Nb4 16. Rf2 Rfd8 17. Bb6 Rd7 18. c4 Bd8 19. Bxd8 Rdxd8 20. Nb5 Rxa2 21. Rxa2 Nxa2 22. f5 Nb4 23. fxe6 fxe6 24. Re2 Kf7 25. Kf2 e5 26. Ke3 Rd3+ 27. Ke4 Ke6 28. h3 Rd7 0-1

[Event "CFriend AP-2004-Q-00012 email"]
[Site "Chessfriend.com"]
[Date "2004.05.17"]
[Round "?"]
[White "Marculescu, Gheorghe"]
[Black "O'Brien, Andrew"]
[Result "0-1"]
[WhiteElo "1910"]
[BlackElo "1870"]
[PlyCount "78"]
[EventDate "2004.??.??"]
[EventType "tourn (corr)"]
[EventRounds "12"]
[SourceTitle "Corr 2008"]
[Source "ChessBase"]
[SourceDate "2008.06.24"]
[SourceVersion "1"]
[SourceVersionDate "2008.06.24"]
[SourceQuality "1"]

1. e4 e5 2. f4 exf4 3. Nf3 Nf6 4. e5 Nh5 5. Be2 d6 6. 0-0 dxe5 7. Nxe5 Bc5+ 8. Kh1 Nf6 9. c3 Nbd7 10. Nxd7 Bxd7 11. d4 Bd6 12. Bxf4 Bxf4 13. Rxf4 0-0 14. Bd3 Qe7 15. Nd2 Qe3 16. Rf3 Qh6 17. Qc2 Rae8 18. Ne4 Nd5 19. Kg1 Bg4 20. Rg3 c6 21. Rf1 f5 22. Nf2 Kh8 23. Nxg4 fxg4 24. Rxf8+ Rxf8 25. Qd1 Nf6 26. Bc2 Nh5 27. Rd3 Nf4 28. Rd2 Qh4 29. Bb3 g3 30. h3 Qe7 31. Bc4 b5 32. Bf1 g5 33. Kh1 g4 34. d5 Nxd5 35. Bd3 gxh3 36. gxh3 Qe6 37. Qe2 g2+ 38. Qxg2 Qe1+ 39. Kh2 Ne3 0-1

[Event "CFriend AP-2004-Q-00012 email"]
[Site "Chessfriend.com"]
[Date "2004.05.17"]
[Round "?"]
[White "O'Brien, Andrew"]
[Black "Manisse, Pierre Damien"]
[Result "1-0"]
[WhiteElo "1870"]
[BlackElo "1740"]
[PlyCount "49"]
[EventDate "2004.??.??"]
[EventType "tourn (corr)"]
[EventRounds "12"]
[SourceTitle "Corr 2008"]
[Source "ChessBase"]
[SourceDate "2008.06.24"]
[SourceVersion "1"]
[SourceVersionDate "2008.06.24"]
[SourceQuality "1"]

1. e4 c6 2. d4 d5 3. e5 Bf5 4. Nf3 e6 5. Bd3 Bxd3 6. Qxd3 Qa5+ 7. Bd2 Qa6 8. Qxa6 Nxa6 9. a3 c5 10. Nc3 Ne7 11. dxc5 Nxc5 12. Nb5 Kd7 13. Nd6 Ng6 14. Nxf7 Rg8 15. h4 Be7 16. h5 Nf8 17. Be3 b6 18. Nd4 a5 19. Ke2 Ra7 20. Nb5 Ra8 21. b4 axb4 22. axb4 Rxa1 23. Rxa1 Ne4 24. Ra7+ Kc6 25. Nd4# 1-0

[Event "CFriend AP-2004-Q-00012 email"]
[Site "Chessfriend.com"]
[Date "2004.05.17"]
[Round "?"]
[White "O'Brien, Andrew"]
[Black "Prestage, George C"]
[Result "0-1"]
[WhiteElo "1834"]
[BlackElo "1866"]
[PlyCount "88"]
[EventDate "2004.??.??"]
[EventType "tourn (corr)"]
[EventRounds "12"]
[SourceTitle "Corr 2008"]
[Source "ChessBase"]
[SourceDate "2008.06.24"]
[SourceVersion "1"]
[SourceVersionDate "2008.06.24"]
[SourceQuality "1"]

1. d4 d5 2. c4 Nf6 3. Nc3 e6 4. Nf3 Be7 5. cxd5 exd5 6. Bf4 c6 7. Qd3 Qb6 8. Rb1 g6 9. Qe3 Ne4 10. Nxe4 dxe4 11. Nd2 0-0 12. Qxe4 Re8 13. Qd3 Be6 14. a3 Bf6 15. Ne4 Bxd4 16. Be3 Bxe3 17. Nf6+ Kf8 18. Qxe3 Qxe3 19. fxe3 Re7 20. Nxh7+ Kg8 21. Ng5 Bb3 22. g3 Nd7 23. Bh3 Nb6 24. e4 f6 25. Nf3 Bc2 26. Rc1 Bxe4 27. Kf2 Rae8 28. Rhe1 Bd5 29. Nd2 Rh7 30. Bg2 Rxh2 31. e4 Be6 32. Nf3 Rh8 33. e5 Kf7 34. exf6 Kxf6 35. Nd2 Bf5 36. b3 Nd5 37. Ne4+ Bxe4 38. Bxe4 Rh2+ 39. Kf3 Rb2 40. Bxd5 Rxe1 41. Rxe1 cxd5 42. Re3 d4 43. Rd3 Ke5 44. a4 a5 0-1

[Event "CFriend AP-2004-Q-00012 email"]
[Site "Chessfriend.com"]
[Date "2004.05.17"]
[Round "?"]
[White "Teboul, Rene"]
[Black "O'Brien, Andrew"]
[Result "1/2-1/2"]
[WhiteElo "2063"]
[BlackElo "1870"]
[PlyCount "61"]
[EventDate "2004.??.??"]
[EventType "tourn (corr)"]
[EventRounds "12"]
[SourceTitle "Corr 2008"]
[Source "ChessBase"]
[SourceDate "2008.06.24"]
[SourceVersion "1"]
[SourceVersionDate "2008.06.24"]
[SourceQuality "1"]

1. d4 Nf6 2. c4 e6 3. Nc3 Bb4 4. Qc2 d5 5. a3 Bxc3+ 6. Qxc3 Ne4 7. Qc2 e5 8. e3 exd4 9. cxd5 Qxd5 10. Nf3 Nd6 11. Nxd4 0-0 12. Qxc7 Re8 13. Qc3 Nc6 14. Nxc6 bxc6 15. f3 Rb8 16. b4 Nb5 17. Bxb5 Qxb5 18. Kf2 Ba6 19. Re1 Red8 20. Bb2 f6 21. Qb3+ Kh8 22. Kg1 c5 23. Rad1 c4 24. Rxd8+ Rxd8 25. Rd1 Rd3 26. Rxd3 cxd3 27. Bc3 Qc6 28. Kf2 Bc4 29. Qd1 Qc7 30. h3 h6 31. Qd2 1/2-1/2